=LDR 00000nam 2200000 4500 =001 INLIS000000000016123 =005 20200504111155 =035 ##$$a 0010-061300000016123 =008 200504###########################0###### =041 ##$$a Ind =082 ##$$a 2x3.4 =090 ##$$a 2x3.4, Mar i =100 ##$$a Marjan, Muhammad Majdi =245 1#$$a Isa manusia apa bukan ? /$c Muhammad Majdi Marjan =260 ##$$a Jakarta,$c 1993 =300 ##$$a 231 hlm., 21 cm =650 #4$$a Riwayat Nabi dan Rasul - Isa =850 ##$$a NBPNMAT =990 ##$$a 68.374/pro94 =990 ##$$a 00054822